000 00679nam a2200241 a 4500
001 59429
003 BD-RjUL
005 20211209080728.0
008 161224s1963 pk a l 000 0 eng d
020 _c: Prs. 4.00
035 _a(BD-RjUL)59553
040 _aDLC
_cDLC
_dDLC
_dBD-RjUL
_beng
041 _aeng
082 _a347
_bCHS 1963
_223
100 _aChowdhury, A.M.
_9176743
245 1 4 _aThe Stamp Act, (II of 1899) /
250 _a3rd ed.
260 _aLahore :
_bAll Pakistan Legal Decisions,
_c1963
300 _avi, 148 p. :
_bill. ;
_c24 cm.
504 _aIncludes bibliographical references and index.
650 0 _aStamp duties
_9143309
942 _2ddc
_cBK
999 _c59429
_d59429